00675nam a2200205 a 450000100060000000300090000600800410001502000180005604000280007408200180010210000180012024501480013825000120028626000350029830000240033365000300035765000250038765000250041265000320043726729CO-ViMGA141112s2004 ck r 000 u spa d a9789974690455 aCO-ViMGAbspacCO-ViMGA04aI809.899 A15t1 aAboff, Marcie10aSi tú fueras un triángulo / cMarcie Aboff ; adaptación y traducción al español Equipo Editorial Cypres ; ilustrado por Sarah Dillard a1a. ed. aUruguay : bLatinbooks, c2010 a24 p. : il. ; 24 cm14aGeometría - Enseñanza14aLibro didácticos 14aLiteratura infantil 14aMatemática - Enseñanza